[Event "GRE-chT 45th"]
[Site "Achaia"]
[Date "2017.07.08"]
[Round "7.6"]
[White "Tzouganakis, Panteleimon"]
[Black "Moutzouris, Iason Vasilios"]
[Result "1-0"]
[WhiteElo "2231"]
[BlackElo "1826"]
[PlyCount "71"]
[EventDate "2017.07.03"]
[EventType "team-swiss"]
[EventRounds "7"]
[EventCountry "GRE"]
[SourceTitle "CBM 179 Extra"]
[Source "ChessBase"]
[SourceDate "2017.08.23"]
[SourceVersion "1"]
[SourceVersionDate "2017.08.23"]
[SourceQuality "1"]
[WhiteTeam "Peristeriou CP"]
[BlackTeam "Kalamata Poseidon"]
[WhiteTeamCountry "GRE"]
[BlackTeamCountry "GRE"]

1. e4 c5 2. Nf3 d6 3. d4 cxd4 4. Qxd4 Nc6 5. Bb5 Bd7 6. Bxc6 Bxc6 7. Nc3 Nf6 8. Bg5 e6 9. 0-0-0 Be7 10. Kb1 0-0 11. Rhe1 Rc8 12. Bxf6 Bxf6 13. Qxd6 Qa5 14. Qd2 Rfd8 15. Nd5 Qxd2 16. Nxf6+ gxf6 17. Rxd2 Kf8 18. Kc1 Ke7 19. Nd4 Bd7 20. Red1 Rc5 21. f3 Rc7 22. Nb5 Rc5 23. Nd6 Rc7 24. b3 Rb8 25. Nxf7 b5 26. Nd6 a5 27. f4 a4 28. Rd3 axb3 29. axb3 Ra8 30. Kb2 Rca7 31. Rh3 Ra2+ 32. Kc3 Rh8 33. e5 h5 34. Rg3 Rh7 35. Ne4 fxe5 36. Rxd7+ 1-0

[Event "GRE-chT 45th"]
[Site "Achaia"]
[Date "2017.07.04"]
[Round "2.14"]
[White "Lagaras, Stylianos"]
[Black "Moutzouris, Iason Vasilios"]
[Result "0-1"]
[WhiteElo "1718"]
[BlackElo "1826"]
[PlyCount "78"]
[EventDate "2017.07.03"]
[EventType "team-swiss"]
[EventRounds "7"]
[EventCountry "GRE"]
[SourceTitle "CBM 179 Extra"]
[Source "ChessBase"]
[SourceDate "2017.08.23"]
[SourceVersion "1"]
[SourceVersionDate "2017.08.23"]
[SourceQuality "1"]
[WhiteTeam "Volos IN"]
[BlackTeam "Kalamata Poseidon"]
[WhiteTeamCountry "GRE"]
[BlackTeamCountry "GRE"]

1. d4 Nf6 2. c4 g6 3. Nc3 Bg7 4. e4 d6 5. Nf3 0-0 6. Be2 e5 7. 0-0 Nc6 8. d5 Ne7 9. Ne1 Ne8 10. Be3 f5 11. f3 f4 12. Bf2 g5 13. c5 h5 14. Rc1 Rf6 15. cxd6 cxd6 16. a4 Rg6 17. h3 Bh6 18. Rc2 Kh8 19. Nb5 Bd7 20. b3 Ng8 21. Nxa7 Ngf6 22. Bb5 g4 23. Bxd7 Qxd7 24. hxg4 hxg4 25. Nb5 g3 26. Bb6 Qh7 27. Nd3 Bf8 28. Re1 Nd7 29. Nxf4 Qh2+ 30. Kf1 exf4 31. Bg1 Qh1 32. Nd4 Ne5 33. Qd2 Bh6 34. Rec1 Ng4 35. fxg4 f3 36. Qc3 f2 37. Nf3+ Rf6 38. Ke2 Qxg2 39. Rf1 fxg1Q+ 0-1

[Event "GRE-chT 45th"]
[Site "Achaia"]
[Date "2017.07.04"]
[Round "3.13"]
[White "Moutzouris, Iason Vasilios"]
[Black "Karaboikis, Spiridon"]
[Result "1/2-1/2"]
[WhiteElo "1826"]
[BlackElo "1958"]
[PlyCount "67"]
[EventDate "2017.07.03"]
[EventType "team-swiss"]
[EventRounds "7"]
[EventCountry "GRE"]
[SourceTitle "CBM 179 Extra"]
[Source "ChessBase"]
[SourceDate "2017.08.23"]
[SourceVersion "1"]
[SourceVersionDate "2017.08.23"]
[SourceQuality "1"]
[WhiteTeam "Kalamata Poseidon"]
[BlackTeam "Rhodes Knight"]
[WhiteTeamCountry "GRE"]
[BlackTeamCountry "GRE"]

1. e4 d5 2. exd5 Qxd5 3. Nc3 Qa5 4. d4 Nf6 5. Nf3 Bg4 6. h3 Bh5 7. g4 Bg6 8. Bd3 e6 9. Qe2 Bxd3 10. Qxd3 Nc6 11. Qb5 0-0-0 12. Ne5 Qxb5 13. Nxb5 Nxe5 14. dxe5 Nd7 15. Bf4 a6 16. Nd4 Nb6 17. 0-0-0 Bc5 18. Nf3 Nd5 19. Bg3 h6 20. Nd2 Rd7 21. Ne4 Be7 22. c4 Nb6 23. Rxd7 Nxd7 24. f4 Nc5 25. Nxc5 Bxc5 26. Kc2 h5 27. Rh2 hxg4 28. hxg4 Rxh2+ 29. Bxh2 g6 30. Kd3 Kd7 31. Bg3 Kc6 32. Ke4 b5 33. Kd3 b4 34. b3 1/2-1/2

[Event "GRE-chT 42nd"]
[Site "Porto Rio"]
[Date "2014.06.28"]
[Round "1.8"]
[White "Moutzouris, Iason Vasilios"]
[Black "Papadopoulos, Argirios"]
[Result "1/2-1/2"]
[WhiteElo "1776"]
[BlackElo "2019"]
[PlyCount "144"]
[EventDate "2014.06.28"]
[EventType "team-swiss"]
[EventRounds "7"]
[EventCountry "GRE"]
[SourceTitle "CBM 161 Extra"]
[Source "ChessBase"]
[SourceDate "2014.08.29"]
[SourceVersion "1"]
[SourceVersionDate "2014.08.29"]
[SourceQuality "1"]
[WhiteTeam "Kalamata Poseidon"]
[BlackTeam "Chania ADA"]
[WhiteTeamCountry "GRE"]
[BlackTeamCountry "GRE"]

1. e4 e5 2. Nf3 Nc6 3. Bc4 Bc5 4. c3 Nf6 5. d3 0-0 6. 0-0 d5 7. exd5 Nxd5 8. Re1 Bg4 9. h3 Bh5 10. Nbd2 Nb6 11. Ne4 Bd6 12. Bb3 Kh8 13. Ng3 Bg6 14. d4 exd4 15. Nxd4 Nxd4 16. Qxd4 c5 17. Qg4 c4 18. Bd1 f5 19. Qf3 Re8 20. Rxe8+ Qxe8 21. Bf4 Qe1+ 22. Kh2 Bc5 23. Be3 Bxe3 24. Qxe3 Qxe3 25. fxe3 Nd5 26. Nf1 Rd8 27. Bf3 Nc7 28. Rd1 Rxd1 29. Bxd1 Bf7 30. Bf3 Bd5 31. Kg3 g5 32. Nd2 b5 33. e4 fxe4 34. Nxe4 Bxe4 35. Bxe4 Kg7 36. Kf3 h6 37. Ke3 Ne6 38. g3 Kf6 39. Bc6 a6 40. Bd5 Ng7 41. a4 Ke5 42. Bg8 Nf5+ 43. Kf3 Nd6 44. axb5 axb5 45. Bh7 Nb7 46. Bc2 Nc5 47. Ke3 Kd5 48. h4 gxh4 49. gxh4 Ke5 50. h5 Ne6 51. b3 Nf4 52. bxc4 bxc4 53. Bd1 Nd5+ 54. Kd2 Kf4 55. Ba4 Nc7 56. Bd1 Ne8 57. Be2 Nd6 58. Kc2 Ke3 59. Bg4 Kf4 60. Be2 Ke3 61. Bg4 Nf7 62. Bf5 Kf4 63. Bg6 Ne5 64. Kb2 Ke3 65. Ka3 Nd3 66. Bf7 Kd2 67. Bxc4 Nc5 68. Kb4 Ne4 69. Bf7 Nxc3 70. Bg6 Ne2 71. Kb3 Ke3 72. Kc2 Nd4+ 1/2-1/2

[Event "Kalamata NOK op 2nd"]
[Site "Kalamata"]
[Date "2012.11.25"]
[Round "7.3"]
[White "Moutzouris, Iason Vasilios"]
[Black "Klabatseas, Hristos"]
[Result "1-0"]
[WhiteElo "1754"]
[BlackElo "1400"]
[PlyCount "55"]
[EventDate "2012.10.14"]
[EventType "swiss"]
[EventRounds "7"]
[EventCountry "GRE"]
[SourceTitle "EXT 2024"]
[Source "ChessBase"]
[SourceDate "2023.10.10"]
[SourceVersion "1"]
[SourceVersionDate "2023.10.10"]
[SourceQuality "1"]

1. e4 e6 2. d4 d5 3. Nc3 Bb4 4. e5 c5 5. Bd2 cxd4 6. Nb5 Bxd2+ 7. Qxd2 Nc6 8. f4 Nge7 9. Nd6+ Kf8 10. Nf3 Qb6 11. 0-0-0 h6 12. Kb1 Bd7 13. g4 Nc8 14. Nxc8 Rxc8 15. Bd3 Ne7 16. h4 a5 17. h5 a4 18. a3 Qc5 19. Rhg1 b5 20. g5 g6 21. hxg6 fxg6 22. gxh6 Rxh6 23. f5 Rh8 24. f6 Nf5 25. Rh1 Rxh1 26. Rxh1 Kg8 27. Bxf5 exf5 28. Rh8+ 1-0

[Event "GRE-chT 40th"]
[Site "Achaia"]
[Date "2012.07.03"]
[Round "5.12"]
[White "Moutzouris, Iason Vasilios"]
[Black "Harizopoulos, Ioannis"]
[Result "0-1"]
[WhiteElo "1734"]
[BlackElo "1601"]
[PlyCount "62"]
[EventDate "2012.06.30"]
[EventType "team-swiss"]
[EventRounds "7"]
[EventCountry "GRE"]
[SourceTitle "CBM 149 Extra"]
[Source "ChessBase"]
[SourceDate "2012.08.24"]
[SourceVersion "1"]
[SourceVersionDate "2012.08.24"]
[SourceQuality "1"]
[WhiteTeam "Kalamata Poseidon"]
[BlackTeam "Ptolemaida Ptolemaios"]
[WhiteTeamCountry "GRE"]
[BlackTeamCountry "GRE"]

1. e4 c5 2. Nf3 g6 3. d4 Bg7 4. dxc5 Qa5+ 5. c3 Qxc5 6. Na3 Bxc3+ 7. bxc3 Qxc3+ 8. Qd2 Qxa1 9. Nb5 Qg7 10. Bb2 Nf6 11. Nc7+ Kd8 12. Nxa8 b6 13. e5 Ne8 14. e6 f6 15. Ng5 Nd6 16. exd7 Bxd7 17. Bc4 h6 18. Ne6+ Bxe6 19. Bxe6 Nd7 20. Bd4 Nf8 21. Bh3 g5 22. Bf5 Qf7 23. 0-0 Ne6 24. Re1 Ng7 25. Be4 Kd7 26. Qc3 Rc8 27. Qa3 Nxe4 28. Qxa7+ Ke8 29. Nc7+ Kf8 30. Qb7 Nd6 31. Nd5 Nxb7 0-1

[Event "GRE-chT 40th"]
[Site "Achaia"]
[Date "2012.07.02"]
[Round "4.13"]
[White "Moutzouris, Iason Vasilios"]
[Black "Kadianis, Georgios"]
[Result "1-0"]
[WhiteElo "1734"]
[BlackElo "1628"]
[PlyCount "51"]
[EventDate "2012.06.30"]
[EventType "team-swiss"]
[EventRounds "7"]
[EventCountry "GRE"]
[SourceTitle "CBM 149 Extra"]
[Source "ChessBase"]
[SourceDate "2012.08.24"]
[SourceVersion "1"]
[SourceVersionDate "2012.08.24"]
[SourceQuality "1"]
[WhiteTeam "Kalamata Poseidon"]
[BlackTeam "OFI"]
[WhiteTeamCountry "GRE"]
[BlackTeamCountry "GRE"]

1. e4 e5 2. Nf3 Nc6 3. Bc4 Bc5 4. b4 Bxb4 5. c3 Ba5 6. d4 exd4 7. Qb3 Qe7 8. 0-0 Nf6 9. Ba3 d6 10. e5 Nxe5 11. Nxe5 Qxe5 12. cxd4 Qg5 13. Bxf7+ Kf8 14. Rc1 g6 15. Nc3 Kg7 16. Nb5 Bh3 17. Qxh3 Qxb5 18. Rab1 Qg5 19. Rxb7 Rhf8 20. Bb3 Bb6 21. g3 Kh8 22. f4 Qb5 23. Rcxc7 h5 24. Qe6 Rae8 25. Qxf6+ Rxf6 26. Rh7# 1-0

[Event "GRE-ch U16"]
[Site "Rio Achaia"]
[Date "2012.06.29"]
[Round "7.9"]
[White "Moutzouris, Iason Vasilios"]
[Black "Sidiropoulos, Nikolaos"]
[Result "1/2-1/2"]
[WhiteElo "1734"]
[BlackElo "1918"]
[PlyCount "37"]
[EventDate "2012.06.24"]
[EventType "swiss"]
[EventRounds "6"]
[EventCountry "GRE"]
[SourceTitle "EXT 2024"]
[Source "ChessBase"]
[SourceDate "2023.10.10"]
[SourceVersion "1"]
[SourceVersionDate "2023.10.10"]
[SourceQuality "1"]

1. e4 g6 2. d4 Bg7 3. Nc3 c6 4. Be3 Qb6 5. Rb1 Qc7 6. Nf3 d6 7. Qd2 Nd7 8. Bc4 e6 9. a3 h5 10. 0-0 Ngf6 11. b4 0-0 12. h3 d5 13. Bf4 Qb6 14. exd5 Nxd5 15. Bxd5 exd5 16. Rfe1 Nf6 17. Bd6 Re8 18. Rxe8+ Nxe8 19. Be5 1/2-1/2

[Event "GRE-ch U16"]
[Site "Rio Achaia"]
[Date "2012.06.27"]
[Round "5.9"]
[White "Kalogridakis, Georgios"]
[Black "Moutzouris, Iason Vasilios"]
[Result "1-0"]
[WhiteElo "1927"]
[BlackElo "1734"]
[PlyCount "85"]
[EventDate "2012.06.24"]
[EventType "swiss"]
[EventRounds "6"]
[EventCountry "GRE"]
[SourceTitle "EXT 2024"]
[Source "ChessBase"]
[SourceDate "2023.10.10"]
[SourceVersion "1"]
[SourceVersionDate "2023.10.10"]
[SourceQuality "1"]

1. e4 c5 2. Nf3 d6 3. d4 cxd4 4. Nxd4 Nf6 5. Nc3 g6 6. Be3 Bg7 7. f3 0-0 8. Qd2 Nc6 9. 0-0-0 d5 10. Kb1 Nxd4 11. e5 Nf5 12. exf6 exf6 13. Nxd5 Re8 14. Bf4 Be6 15. Nc7 Qxd2 16. Rxd2 g5 17. Nxe8 Rxe8 18. Bb5 Rc8 19. Bg3 Kf8 20. Bf2 b6 21. Rhd1 Ke7 22. g4 Nh6 23. Bd4 Bh8 24. Ba6 Rg8 25. Bc3 f5 26. Bb4+ Kf6 27. h3 Kg6 28. Rd8 Bf6 29. Rxg8+ Nxg8 30. Bd3 a5 31. Bd6 Ne7 32. Bc7 Nd5 33. gxf5+ Kg7 34. fxe6 Nxc7 35. exf7 Kxf7 36. Bxh7 Ke6 37. Bg8+ Ke7 38. c3 Kf8 39. Bh7 Ke7 40. Bf5 Nb5 41. Rd7+ Ke8 42. Rb7 Bd8 43. Bd7+ 1-0

[Event "GRE-ch U14"]
[Site "Kallithea"]
[Date "2010.07.01"]
[Round "8"]
[White "Moutzouris, Iason Vasilios"]
[Black "Magklaras, Themistoklis Panayi"]
[Result "1/2-1/2"]
[WhiteElo "1630"]
[BlackElo "1574"]
[PlyCount "65"]
[EventDate "2010.06.26"]
[EventType "swiss"]
[EventRounds "9"]
[EventCountry "GRE"]
[SourceTitle "EXT 2011"]
[Source "ChessBase"]
[SourceDate "2010.11.26"]
[SourceVersion "1"]
[SourceVersionDate "2010.11.26"]
[SourceQuality "1"]

1. e4 e5 2. Nf3 Nc6 3. Bc4 d6 4. 0-0 Be7 5. h3 Nf6 6. Re1 0-0 7. c3 Na5 8. Bb5 a6 9. Ba4 b5 10. Bc2 Bb7 11. d4 exd4 12. cxd4 c5 13. Nbd2 c4 14. Nf1 Nc6 15. Ng3 Re8 16. Nf5 Bf8 17. Bd2 g6 18. Nh6+ Bxh6 19. Bxh6 Nb4 20. Bg5 Nxc2 21. Qxc2 h6 22. Bh4 g5 23. Nxg5 hxg5 24. Bxg5 Rxe4 25. Rxe4 Bxe4 26. Qe2 d5 27. f3 Bg6 28. Qe5 Kg7 29. g4 Qb6 30. Re1 Qe6 31. Qg3 Qb6 32. Qe5 Qe6 33. Qg3 1/2-1/2

[Event "GRE-ch U14"]
[Site "Kallithea"]
[Date "2010.06.28"]
[Round "4"]
[White "Kalogridakis, Georgios"]
[Black "Moutzouris, Iason Vasilios"]
[Result "1/2-1/2"]
[WhiteElo "1759"]
[BlackElo "1630"]
[PlyCount "129"]
[EventDate "2010.06.26"]
[EventType "swiss"]
[EventRounds "9"]
[EventCountry "GRE"]
[SourceTitle "EXT 2011"]
[Source "ChessBase"]
[SourceDate "2010.11.26"]
[SourceVersion "1"]
[SourceVersionDate "2010.11.26"]
[SourceQuality "1"]

1. e4 c5 2. Nf3 d6 3. d4 cxd4 4. Nxd4 Nf6 5. Nc3 g6 6. Be3 Bg7 7. f3 0-0 8. Qd2 Nc6 9. 0-0-0 d5 10. Kb1 Nxd4 11. Bxd4 dxe4 12. Bxf6 Qxd2 13. Rxd2 Bxf6 14. Nxe4 Be5 15. Bc4 Bf5 16. Ng3 Bxg3 17. hxg3 Rfd8 18. Rhd1 Rxd2 19. Rxd2 h5 20. Rd4 Rc8 21. Bb3 Rc7 22. Kc1 Kg7 23. c3 e5 24. Rd2 Rd7 25. Rxd7 Bxd7 26. Bd5 b6 27. c4 Kf8 28. b4 Ke7 29. Kb2 f6 30. Kc3 Kd6 31. Be4 f5 32. Bd5 Be6 33. Ba8 g5 34. a3 Bf7 35. Bb7 Kc7 36. Ba6 Kd6 37. Bc8 Bg6 38. Ba6 Bf7 39. Bb5 Be6 40. Be8 h4 41. gxh4 gxh4 42. Ba4 a5 43. Bc2 axb4+ 44. Kxb4 Kc6 45. Ba4+ Kc7 46. Be8 e4 47. f4 Bd7 48. Bg6 Bc6 49. Kc3 e3 50. Kd3 Bxg2 51. Kxe3 Be4 52. Kf2 Kc6 53. Bf7 Kc5 54. Bg8 Kd4 55. Be6 h3 56. Kg3 Ke3 57. a4 h2 58. Kxh2 Kxf4 59. Kg1 Ke5 60. Bf7 Kd4 61. Kf2 Kc5 62. Ke3 Kb4 63. Kd4 Kxa4 64. Be6 Bc2 65. c5 1/2-1/2